000 00289nam a2200109Ia 4500
008 171211s9999 xx 000 0 und d
245 _aManaging Now!: Student Text
245 _cGary Dessler
260 _c2007
650 _xBUSINESS
856 _uhttp://down.ebook777.com/062/0618741631.pdf
999 _c349483
_d349483